000 00468nam a22001577a 4500
005 20240910081656.0
008 240910b |||||||| |||| 00| 0 eng d
041 _aEnglish
082 _a346.7 MAR
100 _lEnglish
245 _aThe Law of Insolvency in South Africa /
_cHE Hockly
260 _aCape Town:
_bJuta and Company Ltd,
_c1968
300 _blix, 709 pages;
_c26 cm.
650 _aLegal practice
_bLaw
942 _cBK
_6ALISON_BN_VRIES
999 _c3033
_d3033